000 00952nam a22001577a 4500
003 OSt
005 20160302110334.0
008 160302b xxu||||| |||| 00| 0 eng d
040 _cRUA
082 _aVEM HEN 2014 B443 Or.1
100 _97687
_aHENG SOKENG; ហេង សុខអេង
245 _aStudy on cholera disease of kakikabel and their antibodies through haemagglutination and haemagglutination inhibito-test at raksmey village, soyoung commune, baray district, kampong thom province; ការសិក្សាពីជំងឺអាសន្តរោគរបស់ទាពូជកាគីកាប៊ែល និងអង់ទីគ័ររបស់វាតាមរយ:HA និង HI-test នៅភូមិរស្មីរំដោះ ឃុំសូយោង ស្រុកបារាយណ៏ ខេត្តកំពង់ធំ
260 _aPhnom Penh
_bRUA
_c2014
300 _ax;33p.
_bill.
_c29cm.
942 _2ddc
_cVEM
999 _c7292
_d7292